000
00233nam a2200097Ia 4500
001
1056209
005
20250827001356.0
008
250824s9999 xx 000 0 und d
245
0
_a
KANADI KIRIK KUŞLAR
260
_b
EVEREST YAYYINLARI
999
_c
1056209
_d
1056209